|
|
|
|
| LEADER |
00000cam a2200000 7i4500 |
| 001 |
0000017121 |
| 005 |
20080514.0 |
| 008 |
080509 |
| 020 |
|
|
|a 9837205393
|
| 090 |
0 |
0 |
|a 658.45
|b HEN
|
| 100 |
1 |
|
|a Henderson, Henry
|
| 245 |
1 |
0 |
|a Practical business communication :
|b communicate with confidence
|c Henry Henderson
|
| 260 |
|
|
|a Kuala Lumpur :
|b Golden Books Centre Sdn.Bhd ,
|c 2005
|
| 650 |
|
0 |
|a Business communication
|
| 650 |
|
0 |
|a Communication
|
| 999 |
|
|
|a 0000934612
|b Book
|c Adult Collection
|e Cawangan Tangkak
|
| 999 |
|
|
|a 0000934613
|b Book
|c Adult Collection
|e Cawangan Tangkak
|
| 999 |
|
|
|a 0000934614
|b Book
|c Adult Collection
|e Cawangan Tangkak
|
| 999 |
|
|
|a 0000937188
|b Book
|c Adult Collection
|e Cawangan Bandar Tenggara
|
| 999 |
|
|
|a 0001014889
|b Book
|c Adult Collection
|e Perbadanan Perpustakaan Awam Johor
|
| 999 |
|
|
|a 0001014890
|b Book
|c Adult Collection
|e Perbadanan Perpustakaan Awam Johor
|
| 999 |
|
|
|a 0001014891
|b Book
|c Adult Collection
|e Perbadanan Perpustakaan Awam Johor
|